| 000 | 01185nam0a22002651 4500 | ||
|---|---|---|---|
| 001 | rc\14685 | ||
| 005 | 20250620114601.0 | ||
| 035 | _a(NLR Aleph) 005303054 | ||
| 090 |
_a6308781 _c6308781 |
||
| 100 | _a20021204d1992 |||y0rusy50 ca | ||
| 101 | 0 | _arus | |
| 102 | _aRU | ||
| 105 | _aa ||||||||| | ||
| 200 | 1 |
_aБожественное Откровение _eИст.-теол. введ. в Библию с очерком изуч. Догматической Конституции "О Божественном Откровении" ("Die Verbum"), принятой II Ватиканским Вселенским Собором _e[Перевод] _fО. Бернардо Антонини _g[Колледж католич. теологии св. Фомы Аквинского] |
|
| 210 |
_aМ. _cИстина и Жизнь _d1992 |
||
| 215 |
_a185 с. _cил. _d20 |
||
| 225 | 1 |
_aСерия "Томистские исследования" _vТ. 1 |
|
| 320 | _aБиблиогр.: с. 156-160 | ||
| 500 | 1 | 0 | _aБиблия |
| 700 | 1 |
_aАнтонини _bБ. _gБернардо |
|
| 801 | 0 |
_aRU _bNLR _gpsbo |
|
| 801 | 1 |
_aRU _bELAR _2rusmarc |
|
| 852 |
_aNLR _j92-3/6755 |
||
| 942 | _cBOOK | ||
| 980 | _aNB | ||